| 000 | 00460nam a2200181 a 4500 | ||
|---|---|---|---|
| 001 | 0000-8551 | ||
| 003 | ELIB.Books | ||
| 008 | 110520 1987 | ||
| 020 | _a0877845239 | ||
| 035 | _a(ELIB.Books)0000-8697 | ||
| 082 |
_a253.09 _bBak |
||
| 100 | _aBakke, Ray | ||
| 245 | _aThe Urban Christian | ||
| 260 |
_bIllinois: Inter-varsity Press _c1987 |
||
| 650 | _aPreaching | ||
| 942 |
_2ddc _cBK |
||
| 998 |
_cbat _e2011-05-20 _mcat _u2019-06-24 |
||
| 999 |
_c8551 _d8551 |
||